<?xml version="1.0" encoding="UTF-8"?>
<marc:record xmlns:marc="http://www.loc.gov/MARC21/slim">
   <marc:leader>00000nam a2200000 a 4500</marc:leader>
   <marc:datafield ind1="1" ind2=" " tag="100">
      <marc:subfield code="a">Langreuter, Jutta</marc:subfield>
      <marc:subfield code="4">aut</marc:subfield>
      <marc:subfield code="e">Verfasser/-in</marc:subfield>
   </marc:datafield>
   <marc:datafield ind1=" " ind2=" " tag="653">
      <marc:subfield code="a">Gefühle</marc:subfield>
   </marc:datafield>
   <marc:datafield ind1=" " ind2=" " tag="653">
      <marc:subfield code="a">Geschicklichkeit</marc:subfield>
   </marc:datafield>
   <marc:datafield ind1=" " ind2=" " tag="653">
      <marc:subfield code="a">Kinderprobleme</marc:subfield>
   </marc:datafield>
   <marc:datafield ind1="0" ind2="0" tag="245">
      <marc:subfield code="a">Frida, die kleine Waldhexe</marc:subfield>
   </marc:datafield>
   <marc:datafield ind1="0" ind2="0" tag="245">
      <marc:subfield code="b">Donner, Blitz und Sonnenschein, ich will immer pünktlich sein; Bilderbuch ab 4 Jahren</marc:subfield>
   </marc:datafield>
   <marc:datafield ind1=" " ind2="1" tag="264">
      <marc:subfield code="b">Arena</marc:subfield>
      <marc:subfield code="c">2010</marc:subfield>
   </marc:datafield>
   <marc:datafield ind1="1" ind2=" " tag="520">
      <marc:subfield code="a">Klappentext zu: Frida, die kleine Waldhexe Donner, Blitz und Sonnenschein, ich will immer pünktlich sein! Frida, die kleine Waldhexe, trödelt mal wieder! Und deswegen kommt sie auch zu spät zum wichtigen Hexentreffen und zum großen Verwandlungszauber. Frida hat ein schlechtes Gewissen und nimmt sich deshalb vor: Donner, Blitz und Sonnenschein, ich will immer pünktlich sein!  Autoren-Porträt von Stefanie Dahle, Jutta Langreuter: Jutta Langreuter ist Diplom-Psychologin und war für das Deutsche Jugendinstitut in München tätig, bevor sie den Münchner 'Kinderbuchladen' übernahm. Sie hat inzwischen eine Vielzahl von Bilderbüchern übersetzt und so beliebte Charaktere wie den 'Kleinen Bären', 'Rötte Häschen' oder die tierischen Helden aus dem Buch 'Fünf' zu Wort kommen lassen. *AundM*</marc:subfield>
   </marc:datafield>
   <marc:datafield ind1=" " ind2=" " tag="020">
      <marc:subfield code="a">9783401094953</marc:subfield>
      <marc:subfield code="9">9783401094953</marc:subfield>
   </marc:datafield>
</marc:record>
